Dr. Seuss's Horton hears a Who pop-up! / (Record no. 535)

MARC details
000 -LEADER
fixed length control field 01543cam a22004217a 4500
005 - DATE AND TIME OF LATEST TRANSACTION
control field 20260106075006.0
020 ## - INTERNATIONAL STANDARD BOOK NUMBER
International Standard Book Number 9780375841941
020 ## - INTERNATIONAL STANDARD BOOK NUMBER
International Standard Book Number 0375841946
020 ## - INTERNATIONAL STANDARD BOOK NUMBER
International Standard Book Number 9780394800783
040 ## - CATALOGING SOURCE
Original cataloging agency DAD
Transcribing agency DAD
Modifying agency BAKER
-- IHI
-- BTCTA
-- OCLCG
-- YDXCP
-- XY4
-- OCLCQ
-- CQU
-- DLC
Language of cataloging eng
050 00 - LIBRARY OF CONGRESS CALL NUMBER
Classification number PZ8.3.G276Ho
082 04 - DEWEY DECIMAL CLASSIFICATION NUMBER
Classification number 811
Edition number 22
100 1# - MAIN ENTRY--PERSONAL NAME
Personal name Geisel, Theodor Seuss
Titles and words associated with a name Dr.
Dates associated with a name 1904-1991.
245 10 - TITLE STATEMENT
Title Dr. Seuss's Horton hears a Who pop-up! /
Statement of responsibility, etc. pop-ups by David A. Carter ; [cover design and art adaptation by Jan Gerardi].
246 30 - VARYING FORM OF TITLE
Title proper/short title Horton hears a Who
260 ## - PUBLICATION, DISTRIBUTION, ETC.
Place of publication, distribution, etc. New York :
Name of publisher, distributor, etc. Random House,
Date of publication, distribution, etc. 1991
300 ## - PHYSICAL DESCRIPTION
Extent 34 leaves of plates:
Other physical details color illustrations ;
Dimensions 27 cm.
500 ## - GENERAL NOTE
General note K
500 ## - GENERAL NOTE
General note Includes five full-page pop-up illustrations, eleven pop-up booklets, movable pieces, etc.
520 ## - SUMMARY, ETC.
Summary, etc. Horton finds an entire city of Whos on a speck of dust, but, since no one else can see them, no one believes they exist.
521 ## - TARGET AUDIENCE NOTE
Target audience note 600 <br/>
Source Lexile
521 ## - TARGET AUDIENCE NOTE
Target audience note K <br/>
Source Raz-Plus
650 #0 - SUBJECT ADDED ENTRY--TOPICAL TERM
Topical term or geographic name entry element Elephants
Form subdivision Juvenile fiction.
650 #1 - SUBJECT ADDED ENTRY--TOPICAL TERM
Topical term or geographic name entry element Pop-up books
Form subdivision Specimens.
650 #1 - SUBJECT ADDED ENTRY--TOPICAL TERM
Topical term or geographic name entry element Stories in rhyme.
650 #1 - SUBJECT ADDED ENTRY--TOPICAL TERM
Topical term or geographic name entry element Elephants
Form subdivision Fiction.
650 #1 - SUBJECT ADDED ENTRY--TOPICAL TERM
Topical term or geographic name entry element Pop-up books.
650 #1 - SUBJECT ADDED ENTRY--TOPICAL TERM
Topical term or geographic name entry element Toy and movable books.
650 #7 - SUBJECT ADDED ENTRY--TOPICAL TERM
Topical term or geographic name entry element Elephants
Form subdivision Fiction.
Source of heading or term sears
650 #7 - SUBJECT ADDED ENTRY--TOPICAL TERM
Topical term or geographic name entry element Stories in rhyme.
Source of heading or term sears
650 #7 - SUBJECT ADDED ENTRY--TOPICAL TERM
Topical term or geographic name entry element Fantasy fiction.
Source of heading or term sears
650 #7 - SUBJECT ADDED ENTRY--TOPICAL TERM
Topical term or geographic name entry element Toy and movable books.
Source of heading or term sears
700 1# - ADDED ENTRY--PERSONAL NAME
Personal name Carter, David A.,
Relator term ill.
700 1# - ADDED ENTRY--PERSONAL NAME
Personal name Gerardi, Jan,
Relator term ill.
906 ## - LOCAL DATA ELEMENT F, LDF (RLIN)
a 7
b cbc
c copycat
d 2
e ncip
f 20
g y-gencatlg
942 ## - ADDED ENTRY ELEMENTS (KOHA)
Source of classification or shelving scheme Dewey Decimal Classification
Koha item type Books
Suppress in OPAC No
999 ## -
-- 535
-- 535
Holdings
Withdrawn status Lost status Source of classification or shelving scheme Damaged status Not for loan Collection Home library Current library Shelving location Date acquired Total Checkouts Full call number Barcode Date last seen Date last checked out Copy number Price effective from Koha item type
    Dewey Decimal Classification     Juvenile Fiction Footprints International School Library Network Toul Kork Campus Footprints International School Library Network Toul Kork Campus TK Primary Library Room(4th Floor), Bookcase 3&4, Shelves 17-32, Yellow Books 05/24/2023 2 GEI 811 PZ8.3.G276Ho FISTK01450 09/28/2023 09/21/2023 1 05/24/2023 Books
    Dewey Decimal Classification     Juvenile Fiction Footprints International School Library Network Toul Tom Poung Campus Footprints International School Library Network Toul Tom Poung Campus TTP Primary Yellow Bookshelves 01/06/2026 1 GEI 811 PZ8.3.G276Ho FIS03365 01/26/2026 01/19/2026 2 01/06/2026 Books